| 000 | 00809nam a2200265Ia 4500 | ||
|---|---|---|---|
| 001 | 21775 | ||
| 005 | 20260320113311.0 | ||
| 008 | 260320s9999||||xx |||||||||||||| ||und|| | ||
| 020 | _a9786124618406 | ||
| 041 | _aESP | ||
| 082 |
_a658.45 _bV67 |
||
| 100 |
_aVillegas Cheneaúx, Lourdes T. J., _eAUT |
||
| 245 | 0 |
_aLa comunicación corporativa en salud _b |
|
| 246 |
_a _5 _b |
||
| 250 | _aPrimera edición | ||
| 260 |
_aArequipa : _bMKT and Publicidad, _c2012 |
||
| 300 |
_a176 páginas : _bgráficos ; _c20 cm. _e |
||
| 440 |
_a _n _v |
||
| 650 | _aTCA | ||
| 653 | _aComunicación corporativa; Comunicación en salud | ||
| 654 | _aCAN | ||
| 700 |
_a _c |
||
| 856 |
_uhttps://research-ebsco-com.ucsp.lookproxy.com/c/qxo6us/search _zVéase además: Base de datos EBSCOhost |
||
| 942 |
_cLIB _dJUS _fMAT _2ddc _n |
||
| 999 |
_c21775 _d21775 |
||